| 000 | 02823nam a2200409 i 4500 | ||
|---|---|---|---|
| 001 | 768714001 | ||
| 003 | CO-MdFUSB | ||
| 005 | 20240531062755.0 | ||
| 007 | ta | ||
| 008 | 230509t2019 -us||||| |||| 00| | spa d | ||
| 020 | _a9781535966832 | ||
| 040 |
_aCO-MdFUSB _bspa _cCO-MdFUSB _dCO-MdFUSBC _erda |
||
| 041 | _aspa | ||
| 082 |
_223 _a248.84 _bK33t |
||
| 100 |
_aKendrick, Alex _eautor |
||
| 240 | _aDefined : who God says you are | ||
| 245 |
_aDefinidos _b: la identidad que Dios te dio _c/ Stephen Kendrick , Alex Kendrick , Lawrence Kimbrough |
||
| 264 |
_aNashville, Tennessee : _bB y H Publishing Group, _c[2019] |
||
| 300 |
_a280 páginas _c; 22 cm |
||
| 336 |
_2rdacontent _atexto _btxt |
||
| 337 |
_2rdamedia _asin mediación _bn |
||
| 338 |
_2rdacarrier _avolumen _bnc |
||
| 505 |
_tIntroducción _aLa identidad es importante -- La confusión de tu identidad -- La fuente de tu identidad |
||
| 505 |
_tPrimera Parte. Intencionalidad: El comienzo de tu historia _aFuiste creado con un propósito: un diseño único -- Eres valioso en extremo: creado a la imagen de Dios -- Érase una vez un diseño: la parábola de Nico -- Estás roto y eres imperfecto -- Eres buscado por Dios: perdido y encontrado -- Eres capaz de probar tu fe -- Eres parte del épico plan de Dios -- Érase una vez: la parábola de los gemelos. |
||
| 505 |
_tSegunda Parte. Identidad: Quien eres en cristo _aEres definido desde tu interior -- Eres amado como hijo adoptivo de Dios -- Eres bendecido como primogénito espiritual de Dios -- Eres salvo: una nueva creación -- Eres perdonado, un santo redimido por Dios -- Eres valorado como morada de Dios -- Has sido capacitado como obrero especializado de Dios. |
||
| 505 |
_tTercera Parte. Herencia: Lo que tienes en cristo _aTienes recursos y una gran herencia de tu Padre -- Tienes acceso y autoridad a través del Hijo -- Tienes el sello y la fortaleza del Espíritu Santo -- Tienes esperanza y un hogar celestial. |
||
| 505 |
_tCuarta Parte. Mandamientos: Acepta tu identidad _aDebes renovar tu manera de pensar -- Debes mejorar tu forma de hablar -- Debes limpiar tu corazón -- Debes andar en el Espíritu -- Debes andar en amor en todo momento. |
||
| 505 |
_tQuinta Parte. Inamovible: Permanecer firme _aFortaleza en la guerra espiritual -- Puedes salir triunfante de la tentación -- Puedes ser constante durante la crítica -- Puedes ser fiel después del fracaso -- Puedes ser leal después de la pérdida -- Puedes glorificar a Dios en todo momento -- Puedes permanecer fiel hasta el final. |
||
| 563 | _aRustico | ||
| 650 | 7 |
_aCristianismo _2 _922 |
|
| 650 | 0 |
_919 _aVida cristiana |
|
| 700 |
_98236 _aKendrick, Stephen _eautor |
||
| 700 |
_98237 _aKimbrough, Lawrence _eautor |
||
| 700 |
_98235 _aKendrick, Alex _eautor |
||
| 942 | _cBK | ||
| 945 | _aMag 1104 | ||
| 999 |
_c68873 _d68873 |
||